000 00606nam a2200193 4500
001 VA33203
003 ES-SlBCS
005 20210601154101.0
008 140520s1983 xxu||||| |||| 00| 0 spa d
041 _aspa
100 1 _aKäsemann, Ernst
_915434
245 1 0 _aEl testamento de Jesús. El lugar histórico del evangelio de Juan
_cErnst Käsemann; Faustino Martínez Goñi
260 _aSalamanca :
_bSígueme
_c, 1983
300 _a173 p.;
_c18 cm
490 0 _aBiblioteca de Estudios Bíblicos
_v47
600 0 4 _aJesús de Nazaret
_9129294
700 1 0 _aMartínez Goñi, Faustino
_941703
942 _cBK
999 _c799901
_d799901